Bienvenue à la Médiathèque de Saint-Andiol
banniere
Accueil Recherche avancée Mon compte
handi1 Rechercher dans le catalogue

Filtre   Mots-clés
  Recherche avancée
 
Lister les dernières nouveautés
 
Lister les livres GROS CARACTERES
 
Lister les périodiques (magazines)

handi1 Cuisine Actuelle [ 401 ]

Book Cover
Titre : Cuisine Actuelle [ 401 ]
Support : Livres
Langue : Francais
Publié : 2023 Prisma Paris
Genre : Revues et magazines
Collection : Cuisine Actuelle
Sujets :
Étiquettes :
Pas de tags
LEADER 00858nas0a2200253 450
001 16862941
011 |b Br.  |d 2,9 € 
100 |a 20240507d2023 u u0frey01 ba 
101 0 |a fre 
102 |a FR 
110 0 |a afu 0uu0 
200 0 |a Cuisine Actuelle [ 401 ]  |f Gillet Anne 
207 1 |a  401 
210 |a Paris  |c Prisma  |d 2023 
215 |a 1 vol. (86 p.)  |c ill. coul.  |d 28x21 cm 
225 1 |a Cuisine Actuelle 
464 |a Cahier Région Le Pays Basque bonnes adresses et plats cultes 
464 |a Lancez le barbecue ! Spécial brochettes salées et sucrées 
464 |a J'épate avec... du beurre de cacahuète 
464 |a Cakes & clafoutis aussi faciles que savoureux 
676 |a 070.17 
900 |a Revues et magazines 
901 |a Adultes 
995 |a Médiathèque  |c Médiathèque  |f 089020111  |h 089020111  |k 070.17 CUI 401  |o p  |q a  |r az  |e Médiathèque